| 000 | 00910cam a2200241 a 4500 | ||
|---|---|---|---|
| 999 |
_c7487 _d7487 |
||
| 003 | OSt | ||
| 005 | 20200310122132.0 | ||
| 008 | 070803s2008 nyua 000 0 eng | ||
| 020 | _a9781580931915 | ||
| 040 |
_aDLC _cDLC _dDLC |
||
| 082 | 0 | 0 |
_a720.922 _222 _bHAY |
| 110 | 2 | _aToshiko Mori Architect (Firm) | |
| 245 | 1 | 0 |
_aToshiko Mori Architect / _cforeword by K. Michael Hays. |
| 260 |
_aNew York : _bMonacelli Press, _c2008. |
||
| 300 |
_a215 p. : _bill. (chiefly col.) ; _c24 x 25 cm. |
||
| 610 | 2 | 0 | _aToshiko Mori Architect (Firm) |
| 650 | 0 |
_aArchitecture, Modern _y20th century. |
|
| 650 | 0 |
_aArchitecture, Modern _y21st century. |
|
| 856 | 4 | 1 |
_3Table of contents only _uhttp://www.loc.gov/catdir/toc/ecip0724/2007032044.html |
| 906 |
_a7 _bcbc _corignew _d1 _eecip _f20 _gy-gencatlg |
||
| 942 | _2ddc | ||